000 00748cam a2200217 4500
001 ABS62068
008 000000n2000 000 0 eng u
035 _a(Sirsi) u104782
100 _aGarrett, A.
245 _aOffice energy efficiency
260 _c2000
490 _aRIBA Journal
_v107(3) March 2000, 95-96(2)
520 _aDescribes ways to reduce energy consumption in offices.
590 _aABS
650 _aOFFICES
650 _aCLIMATE CHARGE LEVY
650 _aENERGY CONSUMPTION
650 _aBUILT ENVIRONMENT-BUILDING ELEMENTS-COMPLETE BUILDING SERVICES ELEMENTS-COMPLETE HEATING, VENTILATION AND AIR CONDITIONING SYSTEMS
690 _aENVIRONMENTAL AND LAND CONSULTANCY-ENERGY-ENERGY USE-ENERGY EFFICIENCY
942 _n0
999 _c62866
_d62866